[Event "BL2 Sued 1112 (Women)"]
[Site "Germany"]
[Date "2011.11.27"]
[Round "4.2"]
[White "Zimmer, Elke"]
[Black "Meier, Annemarie Sylvia"]
[Result "0-1"]
[WhiteElo "1960"]
[BlackElo "2258"]
[PlyCount "122"]
[EventDate "2011.10.29"]
[EventType "team-tourn"]
[EventRounds "7"]
[EventCountry "GER"]
[SourceTitle "EXT 2013"]
[Source "ChessBase"]
[SourceDate "2012.11.22"]
[SourceVersion "1"]
[SourceVersionDate "2012.11.22"]
[SourceQuality "1"]
[WhiteTeam "Differten (W)"]
[BlackTeam "Deizisau (W)"]
[WhiteTeamCountry "GER"]
[BlackTeamCountry "GER"]

1. e4 e5 2. Nf3 Nc6 3. Bc4 Nf6 4. d3 h6 5. Nc3 d6 6. a3 g6 7. Bd2 Bg7 8. Qc1 Bg4 9. Ng1 Qd7 10. b4 Be6 11. Nd5 Bxd5 12. Bxd5 Nxd5 13. exd5 Ne7 14. c4 Qg4 15. Kf1 Qf5 16. Qc3 0-0 17. Re1 c6 18. dxc6 bxc6 19. Ne2 d5 20. Ng3 Qd7 21. Qc1 Kh7 22. Kg1 Rad8 23. Be3 Rfe8 24. Bc5 Ng8 25. h3 h5 26. Kh2 Qc7 27. h4 Nf6 28. Kg1 Re6 29. Nf1 d4 30. Nd2 Bh6 31. Qc2 Bxd2 32. Qxd2 Nd7 33. Qg5 f6 34. Qd2 Rde8 35. Rh3 Nxc5 36. bxc5 Qe7 37. Qa5 f5 38. a4 Rb8 39. Rg3 Rb3 40. Rg5 Kg7 41. Qd2 Qxc5 42. Qd1 Qb4 43. Rf1 Kh6 44. Qf3 Qd2 45. Rd1 Qf4 46. Qh3 e4 47. Rg3 Rxd3 48. Rgxd3 exd3 49. Qxd3 Qxh4 50. g3 Qg4 51. Qxd4 Re1+ 52. Kg2 Qxd1 53. Qf4+ Kg7 54. Qc7+ Kf6 55. Qxc6+ Kf7 56. Qb7+ Re7 57. Qa8 Kg7 58. a5 Qd4 59. Qc8 Qe4+ 60. Kh2 Qb7 61. Qc5 Re1 0-1

[Event "Wuerttemberg-ch (Women)"]
[Site "Stuttgart"]
[Date "2010.08.30"]
[Round "3"]
[White "Meier, Annemarie Sylvia"]
[Black "Stitterich, Nadine"]
[Result "1/2-1/2"]
[WhiteElo "2272"]
[BlackElo "1981"]
[PlyCount "55"]
[EventDate "2010.08.28"]
[EventType "match"]
[EventRounds "4"]
[EventCountry "GER"]
[SourceTitle "EXT 2017"]
[Source "ChessBase"]
[SourceDate "2016.10.25"]
[SourceVersion "1"]
[SourceVersionDate "2016.10.25"]
[SourceQuality "1"]

1. c4 e6 2. Nf3 d5 3. d4 c6 4. e3 Nf6 5. Nc3 Nbd7 6. a3 Bd6 7. Bd3 dxc4 8. Bxc4 e5 9. dxe5 Bxe5 10. Nxe5 Nxe5 11. Qxd8+ Kxd8 12. Be2 Bf5 13. 0-0 Kc7 14. f3 Bd3 15. Kf2 Rad8 16. e4 Bxe2 17. Kxe2 Nd3 18. Rd1 Nxc1+ 19. Raxc1 Rxd1 20. Rxd1 Nd7 21. Ke3 Re8 22. f4 f6 23. h4 Nb6 24. b3 a5 25. Rc1 Kd6 26. Rd1+ Kc7 27. Rc1 Kd6 28. Rd1+ 1/2-1/2

[Event "BL2 Sued 0910 (Women)"]
[Site "Germany"]
[Date "2010.03.13"]
[Round "6.3"]
[White "Woniak, Katarzyna"]
[Black "Meier, Annemarie Sylvia"]
[Result "1/2-1/2"]
[WhiteElo "2005"]
[BlackElo "2259"]
[PlyCount "77"]
[EventDate "2009.11.07"]
[EventType "team-tourn"]
[EventRounds "7"]
[EventCountry "GER"]
[SourceTitle "CBM 133 Extra"]
[Source "ChessBase"]
[SourceDate "2010.01.05"]
[SourceVersion "1"]
[SourceVersionDate "2010.01.05"]
[SourceQuality "1"]
[WhiteTeam "Augsburg (W)"]
[BlackTeam "Deizisau (W)"]
[WhiteTeamCountry "GER"]
[BlackTeamCountry "GER"]

1. d4 Nf6 2. c4 e6 3. Nf3 b6 4. Nc3 Bb4 5. Bg5 Bb7 6. e3 h6 7. Bxf6 Bxc3+ 8. bxc3 Qxf6 9. Bd3 0-0 10. 0-0 Qe7 11. e4 d6 12. e5 Nd7 13. exd6 cxd6 14. a4 a5 15. Re1 Qd8 16. Rb1 Qc7 17. Nd2 Rae8 18. Qg4 Bc6 19. Bc2 Kh8 20. Re3 g6 21. Rbe1 Kg7 22. Qg3 Nf6 23. c5 bxc5 24. dxc5 Nh5 25. Qxd6 Qxd6 26. cxd6 Rd8 27. Nc4 Nf4 28. f3 Bd5 29. Nxa5 Rxd6 30. g3 Nh3+ 31. Kg2 Ng5 32. h4 Nxf3 33. Rxf3 Ra8 34. Be4 Rxa5 35. Bxd5 exd5 36. Ref1 Rd7 37. Rf4 d4 38. Rd1 Rxa4 39. Rfxd4 1/2-1/2

[Event "Oberliga Wuerttemberg 0809"]
[Site "Wuerttemberg"]
[Date "2009.03.01"]
[Round "7.2"]
[White "Meier, Annemarie Sylvia"]
[Black "Mueller, Ralf1111"]
[Result "0-1"]
[WhiteElo "2203"]
[BlackElo "2382"]
[PlyCount "98"]
[EventDate "2008.10.12"]
[EventType "team-tourn"]
[EventRounds "9"]
[EventCountry "GER"]
[SourceTitle "EXT 2019"]
[Source "ChessBase"]
[SourceDate "2018.10.10"]
[SourceVersion "1"]
[SourceVersionDate "2018.10.10"]
[SourceQuality "1"]
[WhiteTeam "Stuttgart SF II"]
[BlackTeam "Schwaebisch Gmuend"]
[WhiteTeamCountry "GER"]
[BlackTeamCountry "GER"]

1. d4 Nf6 2. c4 g6 3. Nc3 d5 4. f3 c6 5. e4 dxe4 6. fxe4 e5 7. d5 Ng4 8. Qf3 Bc5 9. h3 Nf2 10. Rh2 Nd3+ 11. Bxd3 Bxg1 12. Rh1 Bd4 13. Bd2 0-0 14. 0-0-0 Kg7 15. g4 Nd7 16. Qg3 Qe7 17. Rh2 Nc5 18. Ne2 Nxd3+ 19. Qxd3 Bc5 20. Kb1 b5 21. Bc3 cxd5 22. cxd5 b4 23. d6 Bxd6 24. Qxd6 Qxd6 25. Rxd6 bxc3 26. Nxc3 Be6 27. Rhd2 Rfc8 28. R2d3 Kh6 29. b3 Kg5 30. Nd5 Rc5 31. Ne7 Kf4 32. Nc6 Rc8 33. Nd8 Rc1+ 34. Kb2 R8c2+ 35. Ka3 Kxe4 36. Nxe6 fxe6 37. Rd1 Rxd1 38. Rxd1 Kf3 39. Rd3+ Kf2 40. Rd6 e4 41. Rxe6 e3 42. b4 e2 43. Rf6+ Ke1 44. Kb3 Kd1 45. Re6 Rd2 46. a4 e1Q 47. Rxe1+ Kxe1 48. b5 Kf2 49. a5 Rd4 0-1

[Event "Oberliga Wuerttemberg 0809"]
[Site "Wuerttemberg"]
[Date "2009.01.18"]
[Round "5.2"]
[White "Meier, Annemarie Sylvia"]
[Black "Oberst, Thomas"]
[Result "1/2-1/2"]
[WhiteElo "2203"]
[BlackElo "2216"]
[PlyCount "84"]
[EventDate "2008.10.12"]
[EventType "team-tourn"]
[EventRounds "9"]
[EventCountry "GER"]
[SourceTitle "EXT 2019"]
[Source "ChessBase"]
[SourceDate "2018.10.10"]
[SourceVersion "1"]
[SourceVersionDate "2018.10.10"]
[SourceQuality "1"]
[WhiteTeam "Stuttgart SF II"]
[BlackTeam "Ulm Post"]
[WhiteTeamCountry "GER"]
[BlackTeamCountry "GER"]

1. d4 Nf6 2. c4 g6 3. Nc3 d5 4. f3 c6 5. cxd5 Nxd5 6. e4 Nxc3 7. bxc3 Bg7 8. Be3 0-0 9. Bc4 b5 10. Bb3 a5 11. Ne2 a4 12. Bc2 Nd7 13. h4 Nb6 14. Qc1 e5 15. Bh6 Qf6 16. dxe5 Qxe5 17. Bxg7 Qxg7 18. Qe3 Nc4 19. Qc5 Qf6 20. Rd1 h5 21. Kf2 Re8 22. Qd4 Ne5 23. Kg3 Qe6 24. Bb1 Nc4 25. Qc5 Bb7 26. Qg5 Qe7 27. Qxe7 Rxe7 28. Kf4 c5 29. Nc1 Nb2 30. Rd2 a3 31. Nb3 Rc7 32. g4 hxg4 33. fxg4 Na4 34. Rh3 b4 35. cxb4 cxb4 36. h5 Nc3 37. hxg6 Nxb1 38. Rdh2 Nc3 39. Rh8+ Kg7 40. R8h7+ Kg8 41. Rh8+ Kg7 42. R8h7+ Kg8 1/2-1/2

[Event "Oberliga Wuerttemberg 0708"]
[Site "Wuerttemberg"]
[Date "2008.04.20"]
[Round "9.2"]
[White "Meier, Annemarie Sylvia"]
[Black "Dietrich, Frank"]
[Result "0-1"]
[WhiteElo "2284"]
[BlackElo "2259"]
[PlyCount "77"]
[EventDate "2007.10.07"]
[EventType "team-tourn"]
[EventRounds "9"]
[EventCountry "GER"]
[SourceTitle "EXT 2018"]
[Source "ChessBase"]
[SourceDate "2017.10.13"]
[SourceVersion "1"]
[SourceVersionDate "2017.10.13"]
[SourceQuality "1"]
[WhiteTeam "Stuttgart SF II"]
[BlackTeam "Wolfbusch"]
[WhiteTeamCountry "GER"]
[BlackTeamCountry "GER"]

1. f4 d5 2. Nf3 f5 3. e3 Nf6 4. b3 e6 5. Bb2 Be7 6. Be2 0-0 7. 0-0 c5 8. c4 Nc6 9. Ne5 d4 10. Nxc6 bxc6 11. Bf3 Qd7 12. d3 a5 13. Re1 a4 14. bxa4 Rb8 15. Qc2 Ng4 16. Bxg4 fxg4 17. Bc1 e5 18. fxe5 g3 19. hxg3 Qg4 20. Nd2 Qxg3 21. Re2 Bg4 22. Ne4 Qxe5 23. Re1 Bh4 24. Bb2 Bxe1 25. Rxe1 Bf5 26. exd4 cxd4 27. Ba3 Rfe8 28. Bd6 Qa5 29. Qf2 Ra8 30. Rf1 Bxe4 31. Qf7+ Kh8 32. dxe4 Qg5 33. e5 d3 34. Rd1 Qe3+ 35. Qf2 Qe4 36. c5 Rxa4 37. Rd2 Kg8 38. Qg3 Rd4 39. Qh3 0-1

[Event "Oberliga Wuerttemberg 0708"]
[Site "Wuerttemberg"]
[Date "2008.04.06"]
[Round "8.2"]
[White "Dausch, Rene"]
[Black "Meier, Annemarie Sylvia"]
[Result "1-0"]
[WhiteElo "2351"]
[BlackElo "2284"]
[PlyCount "35"]
[EventDate "2007.10.07"]
[EventType "team-tourn"]
[EventRounds "9"]
[EventCountry "GER"]
[SourceTitle "EXT 2018"]
[Source "ChessBase"]
[SourceDate "2017.10.13"]
[SourceVersion "1"]
[SourceVersionDate "2017.10.13"]
[SourceQuality "1"]
[WhiteTeam "Boeblingen"]
[BlackTeam "Stuttgart SF II"]
[WhiteTeamCountry "GER"]
[BlackTeamCountry "GER"]

1. Nf3 d5 2. g3 c5 3. Bg2 Nc6 4. d4 e6 5. 0-0 Bd7 6. c4 dxc4 7. Na3 cxd4 8. Nxc4 Bc5 9. Bf4 Nge7 10. Bd6 Bb6 11. Qb3 f6 12. Ba3 0-0 13. Rfd1 Rb8 14. Nxb6 axb6 15. Nxd4 Nxd4 16. Rxd4 Rf7 17. Rad1 Nd5 18. Rxd5 1-0

[Event "GER-chT Federal Cup (Women)"]
[Site "Germany"]
[Date "2007.??.??"]
[Round "3"]
[White "Schulz, Stefanie"]
[Black "Meier, Annemarie Sylvia"]
[Result "1/2-1/2"]
[WhiteElo "2125"]
[BlackElo "2280"]
[PlyCount "86"]
[EventDate "2007.06.??"]
[EventType "team-swiss"]
[EventRounds "5"]
[EventCountry "GER"]
[SourceTitle "EXT 2008"]
[Source "ChessBase"]
[SourceDate "2007.11.25"]
[SourceVersion "1"]
[SourceVersionDate "2007.11.25"]
[SourceQuality "1"]
[WhiteTeam "Berlin"]
[BlackTeam "Wuerttemberg"]
[WhiteTeamCountry "GER"]
[BlackTeamCountry "GER"]

1. e4 e6 2. d3 c5 3. g3 Nc6 4. Bg2 g6 5. Nf3 Bg7 6. 0-0 Nge7 7. c3 d5 8. Nbd2 0-0 9. Qe2 d4 10. c4 e5 11. Ne1 Be6 12. h3 Qd7 13. Kh2 Rae8 14. a3 a5 15. Rb1 Qd6 16. Nc2 f6 17. b3 g5 18. Nf3 Rb8 19. a4 Ng6 20. Nfe1 Qd7 21. g4 Rf7 22. Na3 h6 23. Kg1 Bf8 24. f3 Rh7 25. Rf2 b6 26. Bf1 Nf4 27. Bxf4 exf4 28. Rh2 h5 29. Rb2 Ne5 30. Qg2 Kh8 31. Qh1 Ng6 32. Be2 Bd6 33. Nb5 Be5 34. Bd1 Rg8 35. Kf1 Rgg7 36. Rbf2 Rh6 37. Kg1 Rgh7 38. Na3 Qc8 39. Nb1 Kg7 40. Nd2 Qa8 41. Nf1 Bd6 42. Be2 Ne5 43. Bd1 Bc7 1/2-1/2

[Event "GER-chT Federal Cup (Women)"]
[Site "Braunfels"]
[Date "2006.05.07"]
[Round "5"]
[White "Dergatschova, Anna"]
[Black "Meier, Annemarie Sylvia"]
[Result "1/2-1/2"]
[WhiteElo "2212"]
[BlackElo "2298"]
[PlyCount "50"]
[EventDate "2006.05.04"]
[EventType "team-swiss"]
[EventRounds "5"]
[EventCountry "GER"]
[SourceTitle "EXT 2010"]
[Source "ChessBase"]
[SourceDate "2010.11.25"]
[SourceVersion "1"]
[SourceVersionDate "2010.11.25"]
[SourceQuality "1"]

1. e4 e5 2. Nf3 Nc6 3. Bb5 a6 4. Ba4 d6 5. 0-0 Bd7 6. c3 Nge7 7. d4 Ng6 8. b4 Be7 9. d5 Nb8 10. g3 0-0 11. Bxd7 Nxd7 12. Qd3 a5 13. Nbd2 Qc8 14. Nc4 b6 15. Ne3 Bf6 16. Rd1 Ne7 17. Ng4 g6 18. Nxf6+ Nxf6 19. Bg5 Kg7 20. a3 Neg8 21. c4 Qg4 22. Bxf6+ Nxf6 23. Nd2 Nd7 24. Qf3 Qxf3 25. Nxf3 Ra7 1/2-1/2

[Event "Dresden ZMD op"]
[Site "Dresden"]
[Date "2004.07.22"]
[Round "8"]
[White "Meier, Annemarie Sylvia"]
[Black "Winkelmann, Elena"]
[Result "1-0"]
[WhiteElo "2194"]
[BlackElo "1948"]
[PlyCount "61"]
[EventDate "2004.07.15"]
[EventType "tourn"]
[EventRounds "9"]
[EventCountry "GER"]
[SourceTitle "EXT 2006"]
[Source "ChessBase"]
[SourceDate "2005.11.24"]
[SourceVersion "1"]
[SourceVersionDate "2005.11.24"]
[SourceQuality "1"]

1. d4 Nf6 2. Nf3 e6 3. e3 c5 4. Nbd2 d5 5. c3 Nc6 6. Bd3 Qc7 7. 0-0 h5 8. Qe2 Bd7 9. dxc5 Bxc5 10. e4 Kf8 11. b4 Bd6 12. Bb2 h4 13. Rfe1 Nh5 14. Nf1 Nf4 15. Qd2 Ne5 16. Nxe5 Bxe5 17. exd5 Nxd5 18. Rxe5 Qxe5 19. c4 Qh5 20. cxd5 Qxd5 21. Ne3 Qg5 22. Be4 Rd8 23. Qd6+ Kg8 24. Rd1 f5 25. f4 Qh6 26. Qe7 Kh7 27. Nxf5 exf5 28. Rxd7 Rhg8 29. Bxf5+ Kh8 30. Rxd8 Qb6+ 31. Bd4 1-0

[Event "Dresden ZMD op"]
[Site "Dresden"]
[Date "2004.07.17"]
[Round "3"]
[White "Erenburg, Sergey"]
[Black "Meier, Annemarie Sylvia"]
[Result "1/2-1/2"]
[WhiteElo "2533"]
[BlackElo "2194"]
[PlyCount "98"]
[EventDate "2004.07.15"]
[EventType "tourn"]
[EventRounds "9"]
[EventCountry "GER"]
[SourceTitle "EXT 2006"]
[Source "ChessBase"]
[SourceDate "2005.11.24"]
[SourceVersion "1"]
[SourceVersionDate "2005.11.24"]
[SourceQuality "1"]

1. e4 d6 2. d4 Nf6 3. Nc3 e5 4. dxe5 dxe5 5. Qxd8+ Kxd8 6. Bg5 Be6 7. g3 Kc8 8. Bxf6 gxf6 9. Nd5 Nd7 10. Bh3 Bc5 11. Ke2 c6 12. Ne3 a5 13. a4 Bd4 14. Bxe6 fxe6 15. Nc4 Kc7 16. Nf3 Bc5 17. Nfd2 Be7 18. Nb3 b6 19. Rhd1 Rad8 20. Rd3 Nf8 21. Rxd8 Bxd8 22. Rd1 Be7 23. c3 Ng6 24. h4 h5 25. Nc1 Ra8 26. Nb3 Rf8 27. Nbd2 Ra8 28. Ra1 Nh8 29. Nf3 Nf7 30. Ne1 Rg8 31. Nd3 Nd6 32. Nxd6 Bxd6 33. Ne1 Rg4 34. Kf3 f5 35. exf5 exf5 36. Ng2 f4 37. Re1 fxg3 38. fxg3 Rxa4 39. Re2 e4+ 40. Kf2 Bc5+ 41. Ke1 Ra1+ 42. Kd2 Rg1 43. Kc2 Bd6 44. Nf4 Rxg3 45. Nxh5 Rg4 46. Nf6 Rxh4 47. Ne8+ Kd7 48. Nf6+ Kc7 49. Ne8+ Kd7 1/2-1/2

[Event "Dresden ZMD op"]
[Site "Dresden"]
[Date "2004.07.16"]
[Round "2"]
[White "Ziegler, Thomas"]
[Black "Meier, Annemarie Sylvia"]
[Result "0-1"]
[WhiteElo "1959"]
[BlackElo "2194"]
[PlyCount "51"]
[EventDate "2004.07.15"]
[EventType "tourn"]
[EventRounds "9"]
[EventCountry "GER"]
[SourceTitle "EXT 2006"]
[Source "ChessBase"]
[SourceDate "2005.11.24"]
[SourceVersion "1"]
[SourceVersionDate "2005.11.24"]
[SourceQuality "1"]

1. d4 d6 2. c4 Nf6 3. Nf3 Nbd7 4. Nc3 e5 5. d5 Be7 6. e4 0-0 7. Be2 Ne8 8. 0-0 g6 9. Ne1 Ng7 10. Nd3 f5 11. f4 Bf6 12. Bf3 a6 13. Qc2 Qe7 14. Re1 Qf7 15. Bd2 Kh8 16. b4 exf4 17. Bxf4 g5 18. e5 gxf4 19. exf6 Qxf6 20. Ne2 Ne5 21. Nexf4 a5 22. a3 axb4 23. a4 Bd7 24. Kh1 Rfe8 25. Nxb4 Nxf3 26. Rxe8+ 0-1

[Event "Oberliga Sued W 0304"]
[Site "Germany"]
[Date "2004.04.25"]
[Round "9.6"]
[White "Meier, Annemarie Sylvia"]
[Black "Peterson, Emery"]
[Result "0-1"]
[WhiteElo "2190"]
[BlackElo "2171"]
[PlyCount "70"]
[EventDate "2003.10.12"]
[EventType "team"]
[EventRounds "9"]
[EventCountry "GER"]
[SourceTitle "EXT 2006"]
[Source "ChessBase"]
[SourceDate "2005.11.24"]
[SourceVersion "1"]
[SourceVersionDate "2005.11.24"]
[SourceQuality "1"]
[WhiteTeam "Mainz"]
[BlackTeam "Mutterstadt"]
[WhiteTeamCountry "GER"]
[BlackTeamCountry "GER"]

1. d4 Nf6 2. Nf3 g6 3. Bf4 Bg7 4. e3 d6 5. h3 c6 6. c4 0-0 7. Nc3 a6 8. Be2 b5 9. a3 Nbd7 10. 0-0 Bb7 11. Bh2 Rc8 12. Rc1 Ba8 13. Qd2 Qb6 14. b4 bxc4 15. Bxc4 c5 16. bxc5 dxc5 17. Na4 Qa7 18. Be2 a5 19. Rfd1 Ne4 20. Qd3 Bb7 21. Nxc5 Ndxc5 22. dxc5 Nxc5 23. Qb1 Qa8 24. Qa2 Ne4 25. Rxc8 Rxc8 26. Be5 Nc3 27. Bxc3 Rxc3 28. Ne1 Qc8 29. a4 e6 30. Bf3 Ba6 31. Qd2 Bf6 32. Rb1 Qc4 33. Rb8+ Kg7 34. h4 Be5 35. g3 Bxb8 0-1

[Event "Oberliga Sued W 0304"]
[Site "Germany"]
[Date "2004.02.15"]
[Round "6.7"]
[White "Otterstaetter, Stefan"]
[Black "Meier, Annemarie Sylvia"]
[Result "1-0"]
[WhiteElo "2178"]
[BlackElo "2190"]
[PlyCount "72"]
[EventDate "2003.10.12"]
[EventType "team"]
[EventRounds "9"]
[EventCountry "GER"]
[SourceTitle "EXT 2006"]
[Source "ChessBase"]
[SourceDate "2005.11.24"]
[SourceVersion "1"]
[SourceVersionDate "2005.11.24"]
[SourceQuality "1"]
[WhiteTeam "Ludwigshafen"]
[BlackTeam "Mainz"]
[WhiteTeamCountry "GER"]
[BlackTeamCountry "GER"]

1. d4 Nf6 2. c4 d6 3. Nc3 Nbd7 4. e4 e5 5. d5 Be7 6. Nge2 0-0 7. Ng3 c6 8. Be3 a6 9. Nf5 cxd5 10. cxd5 b5 11. Qf3 Rb8 12. Bd3 Nb6 13. g4 Nc4 14. Bxc4 bxc4 15. Qe2 Re8 16. g5 Nd7 17. Rg1 Qa5 18. Rg3 Nf8 19. Kf1 Bd7 20. Kg1 Rb7 21. Kh1 Ng6 22. Rh3 Qd8 23. Qh5 Nf8 24. Rf3 Ng6 25. Rg1 Rxb2 26. Rgg3 Rc2 27. Rh3 Nf8 28. Nh6+ gxh6 29. Qxf7+ Kh8 30. gxh6 Ne6 31. dxe6 Rg8 32. Nd5 Rxa2 33. Rhg3 Ra1+ 34. Kg2 Bc6 35. Rxg8+ Qxg8+ 36. Qxg8+ Kxg8 1-0

[Event "Oberliga Sued W 0304"]
[Site "Germany"]
[Date "2003.11.23"]
[Round "3.7"]
[White "Meier, Annemarie Sylvia"]
[Black "Hort, Alexej"]
[Result "1-0"]
[WhiteElo "2190"]
[BlackElo "2072"]
[PlyCount "115"]
[EventDate "2003.10.12"]
[EventType "team"]
[EventRounds "9"]
[EventCountry "GER"]
[SourceTitle "EXT 2006"]
[Source "ChessBase"]
[SourceDate "2005.11.24"]
[SourceVersion "1"]
[SourceVersionDate "2005.11.24"]
[SourceQuality "1"]
[WhiteTeam "Mainz"]
[BlackTeam "Saarbruecken"]
[WhiteTeamCountry "GER"]
[BlackTeamCountry "GER"]

1. d4 Nf6 2. Nf3 g6 3. Bf4 Bg7 4. e3 d6 5. h3 0-0 6. Be2 Nbd7 7. 0-0 Ne4 8. c4 c5 9. Qc2 f5 10. Rd1 Qe8 11. Nbd2 Nxd2 12. Qxd2 h6 13. Bh2 Kh8 14. b4 cxb4 15. Qxb4 Nf6 16. Rac1 Ne4 17. c5 a5 18. Qa3 dxc5 19. dxc5 g5 20. Ne5 g4 21. c6 g3 22. Bxg3 Nxg3 23. Bb5 Ne2+ 24. Bxe2 Bxe5 25. Rd5 Bf6 26. cxb7 Bxb7 27. Rxf5 Qg6 28. Bg4 Be4 29. Rxa5 Rad8 30. Qb4 Rb8 31. Rb5 Rxb5 32. Qxb5 Bh4 33. Qe5+ Bf6 34. Qb5 Qf7 35. Qe2 Ra8 36. Rc8+ Rxc8 37. Bxc8 Qd5 38. f3 Bd3 39. Qd2 Qb5 40. Be6 Qb1+ 41. Kh2 Qb8+ 42. Kg1 Qd6 43. Bb3 Be5 44. f4 Bf6 45. Qc1 Bf5 46. Qc4 e6 47. g4 Qd2 48. gxf5 Qxe3+ 49. Kg2 Bd4 50. Qc8+ Kh7 51. Qd7+ Bg7 52. Qxe6 Qd2+ 53. Kf3 Qd3+ 54. Kg4 h5+ 55. Kh4 Qd8+ 56. Kxh5 Qa8 57. Bd5 Qd8 58. a4 1-0

[Event "Oberliga Wuerttemberg 0203"]
[Site "Wuerttemberg"]
[Date "2002.12.01"]
[Round "3"]
[White "Meier, Annemarie Sylvia"]
[Black "Eisele, Steffen"]
[Result "0-1"]
[WhiteElo "2260"]
[BlackElo "2208"]
[PlyCount "96"]
[EventDate "2002.10.13"]
[EventType "team-tourn"]
[EventRounds "9"]
[EventCountry "GER"]
[SourceTitle "EXT 2019"]
[Source "ChessBase"]
[SourceDate "2018.10.10"]
[SourceVersion "1"]
[SourceVersionDate "2018.10.10"]
[SourceQuality "1"]
[WhiteTeam "Stuttgart SF II"]
[BlackTeam "Marbach"]
[WhiteTeamCountry "GER"]
[BlackTeamCountry "GER"]

1. c4 Nc6 2. Nc3 e5 3. Nf3 g6 4. e3 Bg7 5. d4 d6 6. Be2 Bg4 7. d5 Nce7 8. e4 h6 9. h3 Bd7 10. g4 f5 11. Nd2 Nf6 12. f3 c6 13. b4 0-0 14. Qb3 Kh8 15. a4 fxe4 16. fxe4 g5 17. Nf1 Ng6 18. Ng3 Nf4 19. a5 cxd5 20. cxd5 Ng8 21. Nf5 Bxf5 22. gxf5 Nf6 23. Bf3 Rf7 24. Be3 Nxh3 25. Rxh3 g4 26. Bxg4 Nxg4 27. Bd2 Bf6 28. Ke2 Bg5 29. Rg1 Bxd2 30. Rxg4 Bg5 31. Nb5 Rg7 32. Rgg3 Bf4 33. Rxg7 Kxg7 34. Rc3 Qg5 35. Rc7+ Kh8 36. Qf3 Rd8 37. Rxb7 Qg1 38. Qf2 Qb1 39. Nxd6 Rxd6 40. Rb8+ Kg7 41. Qxa7+ Kf6 42. Rf8+ Kg5 43. Rg8+ Kh5 44. Qf7+ Kh4 45. Qe7+ Kh3 46. Qxd6 Qc2+ 47. Kf1 Qd3+ 48. Ke1 Bd2+ 0-1